The Bull Wark (Record no. 2745)
[ view plain ]
| 000 -LEADER | |
|---|---|
| fixed length control field | 00362nam a2200157Ia 4500 |
| 008 - FIXED-LENGTH DATA ELEMENTS--GENERAL INFORMATION | |
| fixed length control field | 151213s9999 xx 000 0 und d |
| 100 ## - MAIN ENTRY--PERSONAL NAME | |
| Personal name | Constable |
| 245 ## - TITLE STATEMENT | |
| Title | The Bull Wark |
| Statement of responsibility, etc. | Constable |
| 250 ## - EDITION STATEMENT | |
| Edition statement | 18th |
| 260 ## - PUBLICATION, DISTRIBUTION, ETC. (IMPRINT) | |
| Place of publication, distribution, etc. | London |
| Name of publisher, distributor, etc. | Theodorbrelsan |
| Date of publication, distribution, etc. | II |
| 300 ## - PHYSICAL DESCRIPTION | |
| Extent | 4331 p. |
| 650 ## - SUBJECT ADDED ENTRY--TOPICAL TERM | |
| Topical term or geographic name as entry element | Literature |
| 650 ## - SUBJECT ADDED ENTRY--TOPICAL TERM | |
| Topical term or geographic name as entry element | Literature |
| 700 ## - ADDED ENTRY--PERSONAL NAME | |
| Personal name | Constable |
No items available.
